| 000 | 00637nam a2200205 i 4500 | ||
|---|---|---|---|
| 001 | 44858 | ||
| 003 | ES-MaACL | ||
| 005 | 20250826150742.0 | ||
| 007 | t| | ||
| 008 | 030324s1977 sp ||||1| spa d | ||
| 100 | 1 |
_aClose, Robert. _939289 |
|
| 245 | 1 | 0 |
_a¿Europa sin defensa?... / _cR. Close ; prólogo de Henri Simonet ; [traducción de R.M. Bassols]. |
| 250 | _a[1ª ed.]. | ||
| 260 |
_a[Barcelona] : _bPlaza & Janés, _c[1977] |
||
| 300 |
_a329 p., 8 lám. ; _c22 cm. |
||
| 700 | 1 |
_aSimonet, Henri. _9106571 |
|
| 700 | 0 |
_aBassols, Rosa María _926334 |
|
| 852 |
_aES-MaACL _jA-7952 _bR.96888 |
||
| 999 |
_c44858 _d44858 |
||